00269nam a22000857a 4500008004100000082002100041245005700062260005600119300000800175230621b xxu||||| |||| 00| 0 eng d a328.30bCPA 1991 a37th Commonwealth Parliamentary Conference New Delhi aIndiabCommonwealth Parliamentary Associationc1991 a82p